| 000 | 00625nam a22001937b 4500 | ||
|---|---|---|---|
| 003 | 3228 | ||
| 005 | 20250910110106.0 | ||
| 008 | 250808b sa ||||| |||| 00| 0 eng d | ||
| 020 | _a9780981437026 (paperback) | ||
| 040 |
_aMPL _bEnglish _c3228 _eRDA |
||
| 041 | _aEnglish | ||
| 082 | 0 | _aST 510.712 SMITH | |
| 100 |
_9192886 _aKevin Smith _eAuthor |
||
| 245 |
_aMaths handbook and study guide Grade 10 / _cKevin Smith |
||
| 260 |
_aBirnam Park, Johannesburg : _bBerlut Book CC ; _c2022 |
||
| 300 |
_aiv, 382 pages : _bCol, illustrations, graphs ; _c30 cm |
||
| 490 | _aThe Handbook and Study Guide Series | ||
| 942 |
_2ddc _cBOOK _y162 _zElsie Maluleke |
||
| 999 |
_c782323 _d782322 |
||